banner-ar

Islamic art and culture : (Record no. 60583)

MARC details
000 -الفاتح
حقل البيانات ثابتة الطول 00998cam a22002654a 4500
005 - وقت وتاريخ اخر تعامل مع التسجيلة
رقم الضبط 20240530110417.0
008 - عناصر البيانات ثابتة الطول - معلومات عامة
حقل البيانات ثابتة الطول 090202s2008 enkab f b 001 0 eng
020 ## - الرقم الدولى المعيارى للكتب
الرقم الدولى المعيارى للكتاب 9781903025536
040 ## - مصدر الفهرسة
وكالة الفهرسة الأصلية EG-CaGPL
وكالة النسخ EG-CaGPL
041 ## - رمز اللغة
رمز لغة النص/ المسارات الصوتية أو العنوان الانفرادي eng
082 04 - رقم تصنيف ديوى العشرى
رقم الطبعة 21
رقم التصنيف 709.1\
رقم المادة K I
100 1# - المدخل الرئيسى - إسم شخصى
الإسم الشخصى Khalili, Nasser D.
245 10 - بيان العنوان
العنوان Islamic art and culture :
بقية العنوان Timeline And History /
بيان المسئوليه,etc Nasser D. Khalili.
260 ## - PUBLICATION, DISTRIBUTION, ETC. (IMPRINT)
تاريخ النشر أو التوزيع 2008.
300 ## - الوصف المادى
التعداد 186 s., [2] s. tabl. :
تفاصيل ماديه اخرى للوعاء ill. (chiefly col.), maps ;
أبعاد الوعاء 30 cm.
500 ## - تبصرة عامة
تبصرة عامة Zawiera mapy. Na sklejkach il. i mapa. 2 s. składane, 8 s. częśc. skład.; karta-kompas.
500 ## - تبصرة عامة
تبصرة عامة Oryg. opubl. jako: The timeline history of Islamic art and architecture, w 2005 przez Worth Press Ltd.
504 ## - تبصرة ببليوجرافية
تبصرة ببليوجرافية,الخ Propon. bibliogr. s. 180-182. Indeks.
650 #0 - المدخل الاضافى بالموضوع-مصطلح موضوعى
مصطلح موضوعي Islamic art
التقسيم الفرعي العام History.
650 #0 - المدخل الاضافى بالموضوع-مصطلح موضوعى
مصطلح موضوعي Sztuka islamska.
650 #0 - المدخل الاضافى بالموضوع-مصطلح موضوعى
مصطلح موضوعي Cywilizacja islamska.
650 #0 - المدخل الاضافى بالموضوع-مصطلح موضوعى
مصطلح موضوعي Islamic architecture
التقسيم الفرعي العام History.
942 ## - عناصر المدخل الإضافي( كوها)
مصدر التصنيف او مخطط الترفيف Dewey Decimal Classification
Koha [default] item type كتاب
260 ## - PUBLICATION, DISTRIBUTION, ETC. (IMPRINT)
-- Cairo :
-- The American University in Cairo Press,
Holdings
حالة التراجع حالة الفقد مصدر التصنيف او خطة الترفيف حالة تلف ليس للاعارة المكان المؤقت الموقع الحالى تاريخ الاكتساب اجمالي اﻻعارات رقم الطلب الباركود تاريخ اخر مشاهدة تاريخ تفعيل السعر نوع وعاء كوها
    ddc     مكتبة القاهرة الكبرى مكتبة القاهرة الكبرى 03/09/2015   709.1\ K I 159679 03/09/2015 03/09/2015 كتاب

Powered By

EGPV